Az urticaria patogenezise és klinikuma

Elmentve itt :
Bibliográfiai részletek
Szerzők: Husz Sándor
Kiss Mária
Dobozy Attila
Dokumentumtípus: Könyv része
Megjelent: Kinizsi Nyomda Debrecen 1997
Sorozat:Tüdőgyógyászati Allergológiai és Immunológiai megbetegedések (TAIM) Nemzetközi AlapítványIVI. Tudományos Konferenciája
Tárgyszavak:
mtmt:3096386
Online Access:http://publicatio.bibl.u-szeged.hu/31673
LEADER 00800naa a2200217 i 4500
001 publ31673
005 20250226160825.0
008 250226s1997 hu o 000 hun d
024 7 |a 3096386  |2 mtmt 
040 |a SZTE Publicatio Repozitórium  |b hun 
041 |a hun 
100 1 |a Husz Sándor 
245 1 3 |a Az urticaria patogenezise és klinikuma  |h [elektronikus dokumentum] /  |c  Husz Sándor 
260 |a Kinizsi Nyomda  |b Debrecen  |c 1997 
300 |a 13 
300 |a 350-362 
490 0 |a Tüdőgyógyászati Allergológiai és Immunológiai megbetegedések (TAIM) Nemzetközi AlapítványIVI. Tudományos Konferenciája 
650 4 |a Klinikai orvostan 
700 0 1 |a Kiss Mária  |e aut 
700 0 1 |a Dobozy Attila  |e aut 
856 4 0 |u http://publicatio.bibl.u-szeged.hu/31673/1/aok_klny_41_97.pdf  |z Dokumentum-elérés